| 000 | 00756nam a22001937a 4500 | ||
|---|---|---|---|
| 003 | OSt | ||
| 005 | 20240919084944.0 | ||
| 008 | 240919b ||||| |||| 00| 0 eng d | ||
| 040 | _cAIMIT LIBRARY | ||
| 100 |
_aU P Shrivatsa. _e2216201 _9179421 |
||
| 245 |
_aConsumer repurchase intention towards the konkan polyproducts pvt ltd / _cBy Shrivatsa U P ; Guided by Ravi Kudtarkar |
||
| 260 |
_aMangalore ; _c2024. |
||
| 650 |
_aIndustry profile company profile introduction to the study _9179422 |
||
| 650 |
_aResearch methodology _9179423 |
||
| 650 |
_aData analysis and interpretation _9179424 |
||
| 700 |
_aKudtarkar, Ravi. _eGuide _9179425 |
||
| 856 |
_3Konkan Speciality polyproducts private limited _uwww.konspec.com _ywww.konspec.com |
||
| 942 |
_2ddc _cPRO |
||
| 999 |
_c231830 _d231830 |
||